00716nam a2200193 i 450000100060000000300090000600500170001500700030003200800410003510000260007624501180010226000350022030000300025570000310028570000350031685200320035199900170038395201220040029644ES-MaACL20230906154052.0t|030122s1972 sp ||||1| spa d1 aBarnett, S. A.92573213aLa conducta de los animales y del hombre / cS. A. Barnett ; versión Esperanza Onzaita y Benjamín González. a[Madrid] : bAlianza, c[1972] a289 p. : bil. ; c20 cm.1 aOnzaita, Esperanza.9871051 aGonzález, Benjamín.958294 aES-MaACLjC-54263 bR.83693 c29644d29644 00104070aATENEOMbATENEOMcDEPO2d2008-01-17eSCl0oC-54263p1030606r2023-02-23 00:00:00w2023-02-23yMONOGRAFIA